| 000 | 00366nam a2200157 4500 | ||
|---|---|---|---|
| 001 | 42700 | ||
| 090 | _a42700 | ||
| 100 | _a20240219 pory50 | ||
| 101 | _afra | ||
| 102 | _aFRA | ||
| 200 |
_aDictionnaire Hachette _eLangue Encyclopedie Noms props |
||
| 210 |
_aParis _cSPADEM - ADAGP _d1980 |
||
| 215 | _a1408 p. | ||
| 675 | _a(038) | ||
| 801 |
_aPT _gRPC |
||
| 990 | _cLIVROS | ||